[Event "Open Sud 2010/2011"]
[Site "Marseille Echecs 7 rue Papety"]
[Date "2011.04.02"]
[Round "9"]
[White "Derige, Yan"]
[Black "Avedissian, Andre"]
[Result "0-1"]
[WhiteElo "1380"]
[BlackElo "1570"]
[PlyCount "99"]
[EventDate "2011.??.??"]

1. d4 Nf6 2. c4 g6 3. Nc3 Bg7 4. Nf3 O-O 5. Bg5 d6 6. e3 h6 7. Bh4 Nbd7 8. Be2
Qe8 9. O-O e5 10. d5 a5 11. e4 g5 12. Bg3 Nc5 13. Nd2 Nh7 14. Nb3 Nxb3 15. axb3
f5 16. Bh5 Qe7 17. f3 Nf6 18. Bg6 f4 19. Bf2 Nh7 20. b4 b6 21. Qd2 Bh8 22. Ra2
Kg7 23. Bxh7 Kxh7 24. Rfa1 g4 25. Qe2 Rg8 26. bxa5 Rxa5 27. Rxa5 bxa5 28. Rxa5
g3 29. hxg3 fxg3 30. Be3 Qh4 31. Kf1 Bf6 32. Nb5 Bd8 33. Ra7 Rg7 34. Ke1 Bh3
35. Kf1 Bc8 36. Nc3 Qh1+ 37. Bg1 c6 38. Rxg7+ Kxg7 39. dxc6 Bb6 40. Ke1 Bf2+
41. Kd2 Qxg1 42. Nd5 Kf7 43. b4 Qxg2 44. b5 Qh1 45. b6 Bxb6 46. Nxb6 Be6 47. c7
g2 48. Nd5 g1=Q 49. f4 Qc1+ 50. Kd3 0-1

[Event "Open Sud 2010/2011"]
[Site "Marseille Echecs 7 rue Papety"]
[Date "2011.04.02"]
[Round "9"]
[White "Druel, Patrice"]
[Black "Kaftandjian, Patrick"]
[Result "1-0"]
[WhiteElo "1270"]
[BlackElo "1499"]
[PlyCount "85"]
[EventDate "2011.??.??"]

1. d4 Nf6 2. c4 g6 3. Nf3 Bg7 4. g3 d6 5. Bg2 O-O 6. O-O Nc6 7. Nc3 Na5 8. b3
b6 9. Ng5 Bb7 10. Nf3 Rb8 11. d5 Nd7 12. Bd2 Re8 13. Re1 Ba8 14. Bf1 a6 15. e3
c6 16. b4 Nxc4 17. Bxc4 b5 18. Bb3 cxd5 19. Rc1 Nb6 20. Bc2 e5 21. e4 d4 22.
Ne2 Nc4 23. Bd3 Qf6 24. Kg2 Nxd2 25. Qxd2 Bh6 26. Qxh6 Qg7 27. Qh4 f6 28. g4
Re6 29. Kh1 g5 30. Qh3 Qg6 31. Ng3 Kf7 32. a4 Kf8 33. Rc7 Rb7 34. Rc8+ Re8 35.
Rxe8+ Qxe8 36. Qh6+ Ke7 37. Qxh7+ Ke6 38. Qf5+ Kf7 39. Nxg5+ Ke7 40. Nh7 Qh8
41. a5 Rc7 42. Nh5 Bc6 43. N5xf6 1-0

[Event "Open Sud 2010/2011"]
[Site "Marseille Echecs 7 rue Papety"]
[Date "2011.04.02"]
[Round "9"]
[White "Parmeggiani, Marilene"]
[Black "Andrieu, Luc"]
[Result "0-1"]
[WhiteElo "1499"]
[BlackElo "1499"]
[PlyCount "80"]
[EventDate "2011.??.??"]

1. c4 e5 2. Nc3 Nf6 3. d3 Nc6 4. Nf3 a6 5. e3 Bb4 6. Bd2 d6 7. Be2 O-O 8. h3
Be6 9. O-O Rb8 10. Nd5 Bxd2 11. Qxd2 Nxd5 12. cxd5 Bxd5 13. e4 Be6 14. g4 Ne7
15. Nh2 Ng6 16. f4 Nxf4 17. Rf3 d5 18. Rd1 Qh4 19. Bf1 dxe4 20. dxe4 Rfd8 21.
Qe1 Qxe1 22. Rxe1 Rd2 23. Rf2 Rbd8 24. Nf3 Rxf2 25. Kxf2 Nd3+ 26. Bxd3 Rxd3 27.
Nxe5 Rxh3 28. Rg1 Rh2+ 29. Rg2 Rxg2+ 30. Kxg2 Bxa2 31. Kf3 Be6 32. g5 f6 33.
Kf4 fxe5+ 34. Kxe5 Kf7 35. b4 b6 36. g6+ hxg6 37. b5 axb5 38. Kf4 g5+ 39. Kxg5
b4 40. e5 b3 0-1

[Event "Open Sud 2010/2011"]
[Site "Marseille Echecs 7 rue Papety"]
[Date "2011.04.02"]
[Round "9"]
[White "Bertrand, Nicolas"]
[Black "Lepretre, Thierry"]
[Result "1/2-1/2"]
[WhiteElo "1230"]
[BlackElo "1080"]
[PlyCount "47"]
[EventDate "2011.??.??"]

1. e4 e5 2. Nf3 d6 3. Nc3 Nf6 4. d3 Nc6 5. Bg5 h6 6. Bh4 Be7 7. Be2 Be6 8. O-O
O-O 9. h3 a6 10. Nh2 Qd7 11. Ng4 Nh5 12. Bxe7 Qxe7 13. Nxh6+ Kh7 14. Bxh5 gxh6
15. Bf3 Qg5 16. Kh2 Qf4+ 17. Kh1 Rg8 18. Ne2 Qg5 19. Ng3 Rg6 20. Qc1 Qf6 21.
Qe3 Nd4 22. Rac1 Rg5 23. c3 Nxf3 24. Qxf3 1/2-1/2

[Event "Open Sud 2010/2011"]
[Site "Marseille Echecs 7 rue Papety"]
[Date "2011.04.02"]
[Round "9"]
[White "Derobert, Yves"]
[Black "Ouahhoud, Yassine"]
[Result "0-1"]
[WhiteElo "1499"]
[BlackElo "1430"]
[PlyCount "26"]
[EventDate "2011.??.??"]

1. g3 d5 2. Bg2 e5 3. c4 Nf6 4. Nf3 Nc6 5. d3 Bb4+ 6. Nc3 d4 7. O-O dxc3 8. b3
Nd4 9. Nxe5 c2 10. a3 cxd1=Q 11. Rxd1 Nxe2+ 12. Kf1 Nxc1 13. Raxc1 Qd4 0-1